000 00548nam a2200229Ia 4500
003 OSt
005 20220923230448.0
006 a|||||r|||| 00| 0
007 ta
008 Pun
024 _a282,199
037 _cTextual
040 _aARTS
_cARTS
_bPun
041 _2Pun
_aPun
082 _aO153,3N332x, M8
100 _aਸੁਖਬੀਰ
245 0 _aਲੋਰੀ
260 _c1955
650 _aਪੰਜਾਬੀ ਸਾਹਿਤ
942 _hO153,3N332x, M8
_cTEXL
_2CC
999 _c384966
_d384966